000 00760cam a2200265 a 4500
001 17017804
005 20180212042620.0
008 111019s2012 moua b 001 0 eng
010 _a 2011043758
020 _a9781437724196 (pbk. : alk. paper)
035 _a(DNLM)101571335
040 _aDNLM/DLC
_cDLC
_dDLC
041 _aeng
042 _apcc
060 1 0 _aWE 18.2
080 _a611..91 MAR
082 0 0 _a611..91 MAR
_223
100 1 _a6
101 _aANA
245 1 0 _aIllustrated anatomy of the head and neck /
_cMargaret J. Fehrenbach, Susan W. Herring.
504 _aIncludes bibliographical references and index.
906 _a7
_bcbc
_corignew
_d1
_eecip
_f20
_gy-gencatlg
942 _2ddc
_cBK
999 _c42316
_d42316